[Event "Ch Yugoslavia"]
[Site "masterchessopen.com Yugoslavia"]
[Round "0"]
[White "Nedeljkovic Srecko (SRB)"]
[Black "Matanovic Aleksandar (SRB)"]
[Result "1-0"]
[WhiteElo "2188"]
[BlackElo "2490"]

1.d4 Nf6 2.c4 e6 3.Nc3 Bb4 4.Qc2 d5 5.a3 Bxc3+ 6.Qxc3 Ne4 7.Qc2 c5 8.dxc5 Nc6
9.e3 Qa5+ 10.Bd2 Qxc5 11.b4 Qe7 12.Bc1 O-O 13.Nf3 Bd7 14.Bd3 Nf6 15.O-O Rac8
16.Qb3 dxc4 17.Bxc4 e5 18.Bb2 Bg4 19.h3 Bxf3 20.gxf3 a5 21.b5 Nb8 22.Kh2 Nbd7
23.Rg1 Nb6 24.Bd3 Nfd5 25.f4 a4 26.Qd1 Nc3 27.Bxc3 Rxc3 28.Bxh7+ Kxh7 29.Qh5+
Kg8 30.Rxg7+ Kxg7 31.Rg1+ Kf6 32.f5 {#r} 1-0

[Event "Zt"]
[Site "masterchessopen.com Halle (Germany)"]
[Round "15"]
[White "Gerusel Mathias (GER)"]
[Black "Johansson Gunnar (SWE)"]
[Result "0-1"]
[WhiteElo "2239"]
[BlackElo "2232"]

1.d4 Nf6 2.c4 e6 3.Nc3 Bb4 4.Qc2 d5 5.a3 Bxc3+ 6.Qxc3 Ne4 7.Qc2 Nc6 8.e3 e5
9.cxd5 Qxd5 10.Bc4 Qa5+ 11.b4 Nxb4 12.Qxe4 Nc2+ 13.Ke2 Qe1+ 14.Kf3 Nxa1 15.Bb2
O-O 16.Kg3 h6 ( 16...Bd7 17.Nf3 Qxh1 18.Ng5 ) 17.h3 Qd2 { ?! } 18.Qb1 { ? } (
18.Bxa1 Qc1 19.Bd3 f5 20.Qd5+ Kh8 21.Qa2 e4 22.Bc4 b5 23.Bb3 ( 23.Bxb5 Be6 ) )
18...Qc2 { ! } 19.Qxc2 Nxc2 20.dxe5 ( 20.Bd3 Ne1 21.Bb1 exd4 22.Bxd4 Rd8
23.Ne2 Nd3 { ! } 24.Bxd3 c5 { ! } ) 20...Bf5 21.Nf3 b5 { ! } 22.Bb3 b4 23.a4
c5 24.Rc1 Na3 25.Rxc5 Rac8 26.Ra5 Be6 27.Bxe6 fxe6 28.Rxa7 Nc4 29.Ba1 b3
30.Nd4 b2 31.Bxb2 Nxb2 32.Nxe6 Rf7 33.Ra6 Nc4 34.f4 Nxe3 35.Nd4 Nf5+ 36.Nxf5
Rxf5 37.Kg4 Rff8 38.g3 Ra8 39.Rd6 Rxa4 40.Kh5 Kh7 41.Rd7 Rf5+ {#R} 0-1

[Event "Ch Hungary"]
[Site "masterchessopen.com Hungary"]
[Round "0"]
[White "Toth Bela (ITA)"]
[Black "Varnusz Egon (HUN)"]
[Result "1-0"]
[WhiteElo "2345"]
[BlackElo "2345"]

1.d4 Nf6 2.c4 e6 3.Nc3 Bb4 4.Qc2 d5 5.a3 Bxc3+ 6.Qxc3 Ne4 7.Qc2 Nc6 8.e3 e5
9.cxd5 Qxd5 10.Bc4 Qa5+ 11.b4 Nxb4 12.Qxe4 Nc2+ 13.Ke2 Qe1+ 14.Kf3 Nxa1 15.Bb2
O-O 16.Kg3 h6 17.h4 Kh8 18.Kh2 Qxf2 19.Bxa1 Bf5 20.Nh3 Bxh3 21.Kxh3 f5 22.Qxe5
Rae8 23.Be6 f4 24.exf4 Rxf4 25.g3 Rf6 26.d5 c6 27.Qh5 Rfxe6 28.dxe6 Rxe6
29.Qg4 Qf7 30.Bxg7+ Kh7 31.h5 Rd6 32.Bb2 Rd5 33.Qe4+ Kg8 34.Qg6+ Qxg6 35.hxg6
Rf5 36.g7 {#r} 1-0

[Event "Ch Hungary (team)"]
[Site "masterchessopen.com Hungary"]
[Round "0"]
[White "Forintos Gyozo V (HUN)"]
[Black "Haag Ervin (HUN)"]
[Result "1-0"]
[WhiteElo "2435"]
[BlackElo "2284"]

1.d4 Nf6 2.c4 e6 3.Nc3 Bb4 4.Qc2 d5 5.a3 Bxc3+ 6.Qxc3 Ne4 7.Qc2 c5 8.dxc5 Nc6
9.Nf3 Qa5+ 10.Bd2 Qxc5 11.e3 Nxd2 12.Nxd2 O-O 13.b4 Qe7 14.Bd3 g6 15.O-O Rd8
16.f4 a6 17.Rae1 dxc4 18.Nxc4 Qc7 19.Ne5 Bd7 20.Qc3 f5 21.Bc4 Rac8 22.Nxg6
hxg6 23.Qf6 Ne5 24.fxe5 Qxc4 25.Rf3 Qg4 26.Rh3 Qxh3 27.gxh3 Be8 28.Kf2 Rd2+
29.Kf3 Rc4 30.Rg1 Bc6+ 31.Kg3 Bd5 32.e4 Rd3+ 33.Kf4 Rxe4+ 34.Kg5 Rxh3 35.Kxg6
{#r} 1-0

[Event "Zt"]
[Site "masterchessopen.com Praia da Rocha (Italy)"]
[Round "0"]
[White "Toth Bela (ITA)"]
[Black "Yilmaz Turhan (TUR)"]
[Result "1-0"]
[WhiteElo "2345"]
[BlackElo "2254"]

1.d4 Nf6 2.c4 e6 3.Nc3 Bb4 4.Qc2 d5 5.a3 Bxc3+ 6.Qxc3 Ne4 7.Qc2 c5 8.dxc5 Nc6
9.cxd5 exd5 10.Nf3 Bf5 11.b4 O-O 12.Bb2 d4 13.Qc4 Re8 14.Rd1 Qf6 15.b5 Nc3
16.bxc6 Nxd1 17.Kxd1 Qxc6 18.Nxd4 Rad8 19.e3 Qe4 20.Kd2 b6 21.c6 Rd5 22.Qd3
Qh4 23.g3 Qf6 24.Qe2 Qxc6 25.Qc4 Qb7 26.Bg2 Be4 27.Bxe4 Rxe4 28.Ke2 Rc5 29.Qd3
h6 30.Rd1 Re8 31.h4 Qc8 32.Kf1 Qg4 33.Kg1 Rce5 34.Ne2 Re4 35.Nf4 Qc8 36.Nd5
R4e6 37.Qd4 Rg6 38.Kg2 Rd8 39.Ne7+ Kh7 40.Nxc8 Rxc8 41.Rd2 Rcc6 42.Qd3 Re6
43.Kh2 Rc6 44.h5 {#r} 1-0

[Event "It (active)"]
[Site "masterchessopen.com Madrid (Spain)"]
[Round "0"]
[White "Hjartarson Johann (ISL)"]
[Black "Sokolov Andrei (FRA)"]
[Result "1-0"]
[WhiteElo "2555"]
[BlackElo "2595"]

1.d4 Nf6 2.c4 e6 3.Nc3 Bb4 4.Qc2 d5 5.a3 Bxc3+ 6.Qxc3 Ne4 7.Qc2 c5 8.dxc5 Nc6
9.Nf3 Qa5+ 10.Bd2 Qxc5 11.e3 Nxd2 12.Nxd2 dxc4 13.Nxc4 O-O 14.Bd3 h6 15.O-O
Ne5 16.b4 Qc7 17.Nxe5 Qxe5 18.Rac1 Bd7 19.Qc7 Qd5 20.Bc4 Qc6 21.Be2 Qa4
22.Qxb7 a5 23.Rfd1 Rad8 24.bxa5 Qxa3 25.a6 Ba4 26.Rf1 Rd7 27.Qe4 Bb3 28.Ra1
Qc5 29.Rfc1 Qa7 30.Bb5 Rd6 31.Qb4 {#r} 1-0

[Event "It (open) \"]
[Site "masterchessopen.com Prague (Czech Republic)"]
[Round "6"]
[White "Pogorelov Ruslan (UKR)"]
[Black "Rajskij Eduard (BLR)"]
[Result "1-0"]
[WhiteElo "2401"]
[BlackElo "2450"]

1.d4 Nf6 2.c4 e6 3.Nc3 Bb4 4.Qc2 d5 5.a3 Bxc3+ 6.Qxc3 Ne4 7.Qc2 c5 8.dxc5 Nc6
9.e3 Qa5+ 10.Bd2 Qxc5 11.b4 Qe7 12.Nf3 O-O 13.b5 Qf6 14.Rc1 Ne7 15.Bb4 a5
16.bxa6 bxa6 17.Bd3 Bb7 18.O-O Rfc8 19.Qb1 a5 20.Bxe7 Qxe7 21.cxd5 exd5 22.Qb2
Nd6 23.Nd4 g6 24.Rxc8+ Rxc8 25.Rb1 Ba8 26.Ba6 Nc4 27.Qc3 Re8 28.a4 Qe4 29.Re1
h5 30.f3 Qh4 31.Bxc4 Rc8 32.Qxa5 dxc4 33.Qc3 Qg5 34.Rb1 h4 35.Rb5 Qf6 36.h3
Qe7 37.a5 Kh7 38.Kf2 Qc7 39.Rg5 Qd8 40.Rg4 Rc5 41.Ne2 Bb7 42.Rxc4 Rxa5 43.Rc7
{#r} 1-0

[Event "Memorial Elekes"]
[Site "masterchessopen.com Budapest (Hungary)"]
[Round "5"]
[White "Werner Dimo (GER)"]
[Black "Foldi Istvan (HUN)"]
[Result "0-1"]
[WhiteElo "2190"]
[BlackElo "2285"]

1.d4 Nf6 2.c4 e6 3.Nc3 Bb4 4.Qc2 d5 5.a3 Bxc3+ 6.Qxc3 Ne4 7.Qc2 c5 8.dxc5 Nc6
9.Nf3 Qa5+ 10.Bd2 Qxc5 11.e3 Nxd2 12.Qxd2 dxc4 13.Qc3 Qa5 14.Bxc4 Qxc3+
15.bxc3 Bd7 16.O-O-O Rc8 17.Kb2 Ke7 18.Bb5 Rc7 19.Bxc6 Bxc6 20.Rd4 Rhc8 21.Rc1
f6 22.Rg4 Kf7 23.Rf4 Ke7 24.Rg4 g5 25.Rc4 e5 26.Rd1 Ke6 27.a4 Bxf3 28.Rxc7
Rxc7 29.gxf3 Rc4 30.e4 Rxa4 31.Rd8 g4 32.fxg4 Rxe4 33.Re8+ Kd6 34.f3 Re2+
35.Kb3 Rxh2 36.Rd8+ Ke6 37.Re8+ Kf7 38.Rb8 b6 39.Rb7+ Kg6 40.Rxa7 Rf2 41.Rb7
Rf1 {#R} 0-1

[Event "It (open)"]
[Site "masterchessopen.com Corsico (Italy)"]
[Round "5"]
[White "Milanesi Bruno"]
[Black "Gasperoni Stefano (ITA)"]
[Result "0-1"]
[WhiteElo "1900"]
[BlackElo "2001"]

1.d4 Nf6 2.c4 e6 3.Nc3 Bb4 4.Qc2 d5 5.a3 Bxc3+ 6.Qxc3 Ne4 7.Qc2 c5 8.dxc5 Nc6
9.e3 Qa5+ 10.Bd2 Qxc5 11.b4 Qe7 12.Nf3 O-O 13.b5 Qf6 14.Rc1 Ne5 15.Be2 Nxd2
16.Qxd2 dxc4 17.Nxe5 Qxe5 18.Bxc4 Qg5 19.O-O Rd8 20.Qa2 b6 21.f4 Qe7 22.a4 Bb7
23.Rc3 Rd7 24.Rfc1 Rad8 25.Bf1 e5 26.a5 exf4 27.exf4 Rd2 28.Qa3 Qe4 29.Rg3
Qxf4 30.a6 Qf2+ 31.Kh1 Rd1 32.Rxg7+ Kxg7 33.Qc3+ Kg8 {#R} 0-1

[Event "It (swiss)"]
[Site "masterchessopen.com Rostov on Don (Russia)"]
[Round "7"]
[White "Galliamova Alisa (RUS)"]
[Black "Lerner Konstantin Z (UKR)"]
[Result "0-1"]
[WhiteElo "2435"]
[BlackElo "2530"]

1.d4 Nf6 2.c4 e6 3.Nc3 Bb4 4.Qc2 d5 5.a3 Bxc3+ 6.Qxc3 Ne4 7.Qc2 c5 8.dxc5 Nc6
9.Nf3 Qa5+ 10.Nd2 Nd4 11.Qd3 e5 12.b4 Qa4 13.Ra2 Bf5 14.Nxe4 Bxe4 15.Qc3 O-O-O
16.f3 Nc2+ 17.Kf2 d4 18.Qb2 Bg6 19.g3 Kb8 20.Bg2 f6 21.Bd2 d3 22.Rc1 Nd4 23.e3
Ne2 24.Rb1 Bf7 25.Raa1 Rc8 26.Qa2 b5 27.cxb6 axb6 28.Qb3 Qd7 29.Rd1 Bxc4
30.Qb2 Qa4 31.Be1 h5 32.Bh3 h4 33.gxh4 Rxh4 34.Kg2 Rxh3 35.Kxh3 Be6+ 36.Kg2
Rc2 37.Rd2 Rxb2 38.Rxb2 Qd7 39.Rd2 Bh3+ 40.Kf2 Qf5 41.e4 Qd7 {#R} 0-1

[Event "It (cat.19)"]
[Site "masterchessopen.com Novgorod (Russia)"]
[Round "4"]
[White "Bareev Evgeny (RUS)"]
[Black "Ivanchuk Vassily (UKR)"]
[Result "0-1"]
[WhiteElo "2675"]
[BlackElo "2695"]

1.d4 Nf6 2.c4 e6 3.Nc3 Bb4 4.Qc2 d5 5.a3 Bxc3+ 6.Qxc3 Ne4 7.Qc2 c5 8.dxc5 Nc6
9.Nf3 Qa5+ 10.Nd2 Nd4 11.Qd3 e5 12.b4 Qa4 13.Ra2 Nxd2 ( 13...Bf5 14.f3 Nf2
15.Qe3 { ! ? } ) 14.Rxd2 { ? } ( 14.Qxd2 a5 15.e3 Nb3 16.Qc2 axb4 17.cxd5 Nxc1
18.Qxc1 O-O { ? } ) 14...Bf5 15.Qe3 O-O-O { ! } 16.g4 Qc2 { ! } 17.Rxd4 exd4
18.Qd2 Qxd2+ 19.Bxd2 Be4 20.f3 Bg6 { ? } 21.cxd5 Rxd5 22.Bg2 f6 23.Kf2 h5
24.Bf4 Bc2 25.h4 Re8 26.Rc1 Ba4 27.gxh5 Rxh5 28.Bg3 Re3 29.Rc4 Rd5 30.Bd6 Rc3
31.f4 Rxd6 {#R} 0-1

[Event "Ch France (team)"]
[Site "masterchessopen.com France"]
[Round "0"]
[White "Pelletier Yannick (SUI)"]
[Black "David Alberto (LUX)"]
[Result "0-1"]
[WhiteElo "2460"]
[BlackElo "2465"]

1.d4 Nf6 2.c4 e6 3.Nc3 Bb4 4.Qc2 d5 5.a3 Bxc3+ 6.Qxc3 Ne4 7.Qc2 c5 8.dxc5 Nc6
9.cxd5 exd5 10.Nf3 Bf5 11.b4 O-O 12.Bb2 Re8 13.Rd1 b6 14.e3 bxc5 15.Bb5 Rc8
16.Qa4 Re6 17.Qb3 Nd4 18.Bxd4 cxd4 19.Nxd4 Qg5 20.Nxf5 Qxg2 21.Rf1 Re5 22.Rxd5
Rxd5 23.Ne7+ Kf8 24.Nxc8 Nd2 25.Qc2 Nf3+ 26.Ke2 Qg4 27.Qc1 Nd4+ 28.Ke1 Nf3+
29.Ke2 Rxb5 30.Nd6 Nd4+ 31.Kd3 Qg6+ 32.Ne4 Nc6 33.Qc3 Ne5+ 34.Ke2 Qxe4 35.Qc8+
Ke7 36.Qc7+ Kf6 37.Qd6+ Kf5 38.f3 Qc2+ 39.Ke1 Nd3+ {#R} 0-1

[Event "It (open)"]
[Site "masterchessopen.com Goch (Germany)"]
[Round "5"]
[White "Sutton Ian (ENG)"]
[Black "Ragsch Klaus (GER)"]
[Result "1-0"]
[WhiteElo "2112"]
[BlackElo "1965"]

1.d4 Nf6 2.c4 e6 3.Nc3 Bb4 4.Qc2 d5 5.a3 Bxc3+ 6.Qxc3 Ne4 7.Qc2 c5 8.dxc5 Nc6
9.e3 Qa5+ 10.Bd2 Nxd2 11.Qxd2 Qxc5 12.cxd5 exd5 13.Rc1 Qb6 14.Nf3 O-O 15.Be2
Be6 16.O-O Rad8 17.Rfd1 Rfe8 18.Nd4 Nxd4 19.Qxd4 Qxd4 20.Rxd4 Rc8 21.Rcd1 Rc2
22.R4d2 Rec8 23.h4 Kf8 24.Bf3 Rxd2 25.Rxd2 Rc1+ 26.Kh2 Ke7 27.Bxd5 Bxd5
28.Rxd5 Rc2 29.Rb5 b6 30.Kg3 Kd6 31.h5 f6 32.Rb4 g6 33.h6 Ke6 34.Rb5 Kf7 35.f4
Ke6 36.a4 Kd6 37.a5 Kc6 38.axb6 axb6 39.Rb3 Rd2 40.Rc3+ Kb7 41.b3 Rd5 42.e4
Rd6 43.Kf3 Rd1 44.e5 Rf1+ 45.Ke4 f5+ 46.Kd5 Rxf4 47.e6 Re4 48.Kd6 f4 49.e7
{#r} 1-0

[Event "Ch World (juniors) (under 20)"]
[Site "masterchessopen.com Halle (Germany)"]
[Round "12"]
[White "Pelletier Yannick (SUI)"]
[Black "Solak Dragan (SRB)"]
[Result "1-0"]
[WhiteElo "2460"]
[BlackElo "2240"]

1.d4 Nf6 2.c4 e6 3.Nc3 Bb4 4.Qc2 d5 5.a3 Bxc3+ 6.Qxc3 Ne4 7.Qc2 Nc6 8.e3 e5
9.cxd5 Qxd5 10.Bc4 Qa5+ 11.b4 Nxb4 12.Qxe4 Nc2+ 13.Ke2 Qe1+ 14.Kf3 Nxa1 15.Bb2
O-O 16.Kg3 Kh8 17.Nf3 Qxh1 18.Ng5 f5 19.Qxe5 Bd7 20.Nf7+ Rxf7 21.Bxf7 f4+
22.exf4 Qd1 23.f3 Nc2 24.Bc3 Qd3 25.d5 Rg8 26.Qxc7 Qf5 27.Bxg8 Kxg8 28.d6 h5
29.Qd8+ Kh7 30.Qe7 Qg6+ 31.Kf2 Bf5 32.h3 Nxa3 33.g4 hxg4 34.hxg4 Bxg4 35.Qh4+
Kg8 36.Qxg4 Qc2+ 37.Kg3 Qxc3 38.Qe6+ Kh7 39.d7 Qd2 40.Qe7 Qd1 41.Qh4+ Kg6
42.d8=Q Qg1+ 43.Kh3 Qh1+ 44.Kg4 {#r} 1-0

[Event "Ch Marshall Chess Club (qual)"]
[Site "masterchessopen.com New York (USA)"]
[Round "1"]
[White "Klein Erez (USA)"]
[Black "Moulin Pierre (BEL)"]
[Result "1-0"]
[WhiteElo "2380"]
[BlackElo "2300"]

1.d4 Nf6 2.c4 e6 3.Nc3 Bb4 4.Qc2 d5 5.a3 Bxc3+ 6.Qxc3 Ne4 7.Qc2 c5 8.dxc5 Nc6
9.cxd5 exd5 10.Nf3 Bf5 11.b4 O-O 12.Bb2 b6 13.Qa4 Qc7 14.cxb6 Qxb6 15.e3 Rfe8
16.Qb3 Rac8 17.Be2 a5 18.b5 a4 19.Qd1 Nxf2 20.Kxf2 Qxe3+ 21.Kf1 Nb4 22.Bd4 Qf4
23.axb4 Rc2 24.Bd3 Bxd3+ 25.Qxd3 Ree2 26.Qxe2 Rxe2 27.Kxe2 Qe4+ 28.Kd2 g5
29.Rhe1 Qf4+ 30.Kc3 h6 31.Rxa4 g4 32.Ra8+ Kh7 33.Rh8+ Kg6 34.Rg8+ Kh5 35.Re5+
f5 36.Nd2 Qxh2 37.Rxf5+ Kh4 38.Bf2+ {#r} 1-0

[Event "Ch Marshall Chess Club (qual)"]
[Site "masterchessopen.com New York (USA)"]
[Round "5"]
[White "Klein Erez (USA)"]
[Black "Moulin Pierre (BEL)"]
[Result "0-1"]
[WhiteElo "2380"]
[BlackElo "2300"]

1.d4 Nf6 2.c4 e6 3.Nc3 Bb4 4.Qc2 d5 5.a3 Bxc3+ 6.Qxc3 Ne4 7.Qc2 c5 8.dxc5 Nc6
9.cxd5 exd5 10.Nf3 O-O 11.b4 Bf5 12.Qb2 Re8 13.e3 d4 14.Bb5 Ng5 15.Bxc6 bxc6
16.Nxd4 Bd3 17.Qb3 Qxd4 18.Bb2 Rxe3+ 19.fxe3 Qxe3+ 20.Kd1 Rd8 {#R} 0-1

[Event "It (open)"]
[Site "masterchessopen.com Isle of Man (Great Britain)"]
[Round "2"]
[White "Baburin Alexander (IRL)"]
[Black "Ward Christopher (ENG)"]
[Result "1-0"]
[WhiteElo "2545"]
[BlackElo "2460"]

1.d4 Nf6 2.c4 e6 3.Nc3 Bb4 4.Qc2 d5 5.a3 Bxc3+ 6.Qxc3 Ne4 7.Qc2 c5 8.dxc5 Nc6
9.cxd5 exd5 10.Nf3 Bf5 11.b4 O-O 12.Qb2 d4 13.e3 d3 14.Qb3 Qf6 15.Bb2 d2+
16.Nxd2 Nxd2 17.Kxd2 Qh4 18.Ke1 Rfe8 19.Rd1 Rad8 20.Rxd8 Rxd8 21.Qc4 Qe7
22.Be2 a5 23.g4 Be4 24.Rg1 axb4 25.axb4 Bd5 26.Qc3 f6 27.g5 f5 28.g6 h6 29.b5
Nb8 30.Bc4 Rd7 31.c6 bxc6 32.bxc6 Nxc6 33.Bxd5+ Rxd5 34.Qxc6 Qd8 35.Qe6+ {#r}
1-0

[Event "It (open) \"]
[Site "masterchessopen.com Prague (Czech Republic)"]
[Round "4"]
[White "Hybl Jaroslav (CZE)"]
[Black "Vecerka Pavel (CZE)"]
[Result "1-0"]
[WhiteElo "2235"]
[BlackElo "2091"]

1.d4 Nf6 2.c4 e6 3.Nc3 Bb4 4.Qc2 d5 5.a3 Bxc3+ 6.Qxc3 Ne4 7.Qc2 Nc6 8.e3 e5
9.cxd5 Qxd5 10.Bc4 Qa5+ 11.b4 Nxb4 12.Qxe4 Nc2+ 13.Ke2 Nxa1 14.Nf3 f5 15.Qxe5+
Qxe5 16.Nxe5 Nc2 17.Kd3 Nxd4 18.exd4 Bd7 19.Nf7 {#r} 1-0

[Event "It (open)"]
[Site "masterchessopen.com Calcutta (India)"]
[Round "2"]
[White "Babu N Sudhakar (IND)"]
[Black "Zagrebelny Sergey (UZB)"]
[Result "1-0"]
[WhiteElo "2330"]
[BlackElo "2475"]

1.d4 Nf6 2.c4 e6 3.Nc3 Bb4 4.Qc2 d5 5.a3 Bxc3+ 6.Qxc3 Ne4 7.Qc2 c5 8.dxc5 Nc6
9.e3 Qa5+ 10.Bd2 Qxc5 11.b4 Qe7 12.Nf3 O-O 13.Bd3 Nxd2 14.Nxd2 h6 15.cxd5 exd5
16.O-O d4 17.b5 Ne5 18.Nb3 Bd7 19.Nxd4 Rfc8 20.Qd2 Nxd3 21.Qxd3 Rc5 22.Rfc1
Rac8 23.a4 {#r} 1-0

[Event "It (open)"]
[Site "masterchessopen.com Copenhagen (Denmark)"]
[Round "6"]
[White "Hillarp Persson Tiger (SWE)"]
[Black "Timman Jan H (NED)"]
[Result "0-1"]
[WhiteElo "2445"]
[BlackElo "2625"]

1.d4 Nf6 2.c4 e6 3.Nc3 Bb4 4.Qc2 d5 5.a3 Bxc3+ 6.Qxc3 Ne4 7.Qc2 Nc6 8.e3 e5
9.cxd5 Qxd5 10.Bc4 Qa5+ 11.b4 Nxb4 12.Qxe4 Nc2+ 13.Ke2 Qe1+ 14.Kf3 Nxa1 15.Bb2
O-O 16.Kg3 Kh8 17.Nf3 Qxh1 18.Ng5 f5 19.Qxe5 Bd7 20.Nf7+ Rxf7 21.Bxf7 f4+
22.exf4 Qd1 23.f3 Nc2 24.Bc3 Qd3 25.d5 Rg8 26.Kf2 Qa6 27.Bxg8 Qb6+ 28.Ke2 Qg6
29.Kf2 Kxg8 30.Qxc7 Qb6+ 31.Qxb6 axb6 32.Bb2 b5 33.Ke2 b4 34.a4 {#R} 0-1

[Event "It (open)"]
[Site "masterchessopen.com Groningen (Netherlands)"]
[Round "1"]
[White "Atalik Suat (BIH)"]
[Black "Oosterom Erik (NED)"]
[Result "1-0"]
[WhiteElo "2590"]
[BlackElo "2290"]

1.d4 Nf6 2.c4 e6 3.Nc3 Bb4 4.Qc2 d5 5.a3 Bxc3+ 6.Qxc3 Ne4 7.Qc2 c5 8.dxc5 Nc6
9.Nf3 a5 10.e3 a4 11.Bd2 O-O 12.Rc1 Nxd2 13.Qxd2 Na5 14.Qb4 Nb3 15.Rc3 d4
16.Rxb3 axb3 17.exd4 e5 18.d5 e4 19.Nd4 Qg5 20.Qd2 Qg6 21.h4 Re8 22.h5 Qg4
23.Rh3 Bd7 24.Rxb3 Re5 25.Qe2 Qh4 26.Qe3 f5 27.Ne2 Qxh5 28.Rxb7 Qe8 29.Qg3 Re7
30.Qd6 Rf7 31.c6 Bc8 32.Rxf7 Kxf7 33.Nd4 Qe7 34.Qxe7+ Kxe7 35.c5 Ra5 36.d6+
Kd8 37.c7+ {#r} 1-0

[Event "It (open)"]
[Site "masterchessopen.com Ljubljana (Slovenia)"]
[Round "9"]
[White "Nikolov Sasho (BUL)"]
[Black "Mikac Matjaz (SLO)"]
[Result "0-1"]
[WhiteElo "2390"]
[BlackElo "2430"]

1.d4 Nf6 2.c4 e6 3.Nc3 Bb4 4.Qc2 d5 5.a3 Bxc3+ 6.Qxc3 Ne4 7.Qc2 Nc6 8.e3 e5
9.cxd5 Qxd5 10.Bc4 Qa5+ 11.b4 Nxb4 12.Qxe4 Nc2+ 13.Ke2 Qe1+ 14.Kf3 Nxa1 15.Bb2
O-O 16.Kg3 Bd7 17.Nf3 Qxh1 18.Ng5 g6 19.Qh4 h5 20.Qe4 Bf5 21.Qxe5 h4+ 22.Kxh4
Qxg2 {#R} 0-1

[Event "Memorial G.Maroczy (cat.13)"]
[Site "masterchessopen.com Szeged (Hungary)"]
[Round "3"]
[White "Atalik Suat (BIH)"]
[Black "Sax Gyula (HUN)"]
[Result "1-0"]
[WhiteElo "2590"]
[BlackElo "2570"]

1.d4 Nf6 2.c4 e6 3.Nc3 Bb4 4.Qc2 d5 5.a3 Bxc3+ 6.Qxc3 Ne4 7.Qc2 Nc6 8.e3 e5
9.cxd5 Qxd5 10.Bc4 Qa5+ 11.b4 Nxb4 12.Qxe4 Nc2+ 13.Ke2 Qe1+ 14.Kf3 Nxa1 15.Bb2
O-O 16.Kg3 Kh8 17.dxe5 Be6 18.Nf3 Qxh1 19.Ng5 g6 20.Nxf7+ Rxf7 21.Bxe6 Rg7
22.Bf7 Rxf7 23.e6+ Kg8 24.Qd4 Kf8 25.exf7 Kxf7 26.Qd7+ {#r} 1-0

[Event "Ch France (team) 1997/98"]
[Site "masterchessopen.com France"]
[Round "0"]
[White "Lazarev Vladimir (FRA)"]
[Black "Sokolov Andrei (FRA)"]
[Result "0-1"]
[WhiteElo "2450"]
[BlackElo "2565"]

1.d4 Nf6 2.c4 e6 3.Nc3 Bb4 4.Qc2 d5 5.a3 Bxc3+ 6.Qxc3 Ne4 7.Qc2 Nc6 8.e3 e5
9.cxd5 Qxd5 10.Bc4 Qa5+ 11.b4 Nxb4 12.Qxe4 Nc2+ 13.Ke2 Qe1+ 14.Kf3 Nxa1 15.Bb2
Be6 16.d5 O-O-O 17.dxe6 fxe6 18.Bxe5 Rhf8+ 19.Kg4 Rxf2 20.Nh3 h5+ 21.Kxh5 Rh8+
22.Kg6 Rxg2+ 23.Qxg2 Qxe3 24.Bf4 Qd4 25.Bxe6+ Kb8 26.Bg5 Qd3+ 27.Kf7 Qh7
28.Ke7 Qg6 29.Bd7 Qd6+ 30.Kf7 Qxd7+ 31.Be7 Qf5+ 32.Kxg7 Rh7+ {#R} 0-1

[Event "Ch France (w)"]
[Site "masterchessopen.com Meribel (France)"]
[Round "9"]
[White "Gervais Claire (FRA)"]
[Black "Bramme Isabelle (FRA)"]
[Result "1-0"]
[WhiteElo "2240"]
[BlackElo "1974"]

1.d4 Nf6 2.c4 e6 3.Nc3 Bb4 4.Qc2 d5 5.a3 Bxc3+ 6.Qxc3 Ne4 7.Qc2 c5 8.dxc5 Nc6
9.cxd5 exd5 10.Nf3 Bf5 11.b4 O-O 12.Bb2 b6 13.b5 bxc5 14.bxc6 Qa5+ 15.Nd2 Rab8
16.Rd1 Bg6 17.Be5 Nxf2 18.Qa2 Nxd1 19.Bxb8 Rxb8 20.Kxd1 c4 21.e4 c3 22.Nb3 Qa4
23.c7 Rc8 24.Bd3 dxe4 25.Bc2 Rxc7 26.Re1 Qc4 27.Qb1 Qd5+ 28.Ke2 Qf5 29.Nd4
Bh5+ 30.Ke3 Qc5 31.Bxe4 Bg6 32.Qb4 Qg5+ 33.Kf2 Qd2+ 34.Re2 Qf4+ 35.Nf3 Rc8
36.Bxg6 Qxb4 37.axb4 hxg6 38.Nd4 Rc4 39.Nc2 Rc7 40.Ke3 Rd7 41.Nd4 Rb7 42.b5
Rb6 43.Ra2 c2 44.Rxc2 a6 45.Rc6 {#r} 1-0

[Event "It (open)"]
[Site "masterchessopen.com Pula (Croatia)"]
[Round "3"]
[White "Nikolov Sasho (BUL)"]
[Black "Lalic Bogdan (ENG)"]
[Result "0-1"]
[WhiteElo "2400"]
[BlackElo "2560"]

1.d4 Nf6 2.c4 e6 3.Nc3 Bb4 4.Qc2 d5 5.a3 Bxc3+ 6.Qxc3 Ne4 7.Qc2 c5 8.dxc5 Nc6
9.cxd5 exd5 10.Nf3 Bf5 11.b4 O-O 12.Bb2 b6 13.b5 bxc5 14.bxc6 Rb8 15.Nd2 Re8
16.Nxe4 Bxe4 17.Qd2 d4 18.h4 Qb6 19.Bc1 c4 20.c7 c3 21.Qf4 Rbc8 22.f3 Bc2
23.Kf2 d3+ 24.Be3 Qb2 25.Rc1 Rxe3 26.Qxe3 d2 27.Qd4 Qb6 28.Qxb6 axb6 29.Ra1
d1=Q 30.Rxd1 Bxd1 31.Ke1 c2 32.Kd2 Rxc7 33.Kc1 Ra7 34.e4 Rxa3 35.Kd2 Ra1 {#R}
0-1

[Event "Ch St. Petersburg"]
[Site "masterchessopen.com St. Petersburg (Russia)"]
[Round "7"]
[White "Ivanov Sergey_ (RUS)"]
[Black "Yemelin Vasily (RUS)"]
[Result "1-0"]
[WhiteElo "2550"]
[BlackElo "2510"]

1.d4 Nf6 2.c4 e6 3.Nc3 Bb4 4.Qc2 d5 5.a3 Bxc3+ 6.Qxc3 Ne4 7.Qc2 c5 8.dxc5 Nc6
9.Nf3 Qa5+ 10.Nd2 Nd4 11.Qd1 Bd7 12.b4 Qa4 13.Nxe4 Nc2+ 14.Kd2 Nxa1 15.Nd6+
Ke7 16.Qxa4 Bxa4 17.cxd5 Nb3+ 18.Kc3 Nxc1 19.e4 a5 20.Bc4 b5 21.Nxb5 Na2+
22.Kb2 Bxb5 23.d6+ Kf6 24.Bxb5 axb4 25.Kxa2 Rxa3+ 26.Kb2 Ra5 27.c6 Rxb5 28.c7
Rc8 29.Rc1 Rbb8 30.f4 Ra8 31.h4 e5 32.f5 h5 33.Rc6 g6 34.d7+ Ke7 35.dxc8=Q
Rxc8 36.fxg6 Kd7 37.Rc5 fxg6 38.Kb3 Rxc7 39.Rxc7+ Kxc7 40.Kxb4 Kd6 41.Kb5 g5
42.g3 {#r} 1-0

[Event "It (open)"]
[Site "masterchessopen.com North Bay (Canada)"]
[Round "2"]
[White "Divljan Igor (YUG)"]
[Black "Ellis James S (USA)"]
[Result "1-0"]
[WhiteElo "2165"]
[BlackElo "2180"]

1.d4 Nf6 2.c4 e6 3.Nc3 Bb4 4.Qc2 d5 5.a3 Bxc3+ 6.Qxc3 Ne4 7.Qc2 Nc6 8.e3 e5
9.f3 Qh4+ 10.g3 Nxg3 11.Qf2 Nf5 12.cxd5 Na5 13.dxe5 Nb3 14.Rb1 Qa4 15.Bd2 Bd7
16.Bc3 O-O-O 17.Bd3 Kb8 18.Bc2 Qc4 19.Ne2 Nc5 20.e4 Ba4 21.b3 Bxb3 22.Bxb3
Nd3+ 23.Kf1 Qa6 24.Qg1 Nf4 25.Rb2 Qd3 26.exf5 Qxf3+ 27.Qf2 Qxh1+ 28.Ng1 Nd3
29.Qg2 Qxg2+ 30.Rxg2 Nc5 31.Bc4 b5 32.Ba2 Rhe8 33.Rxg7 Ne4 34.Bb2 Nd2+ 35.Ke2
Nc4 36.Bxc4 bxc4 37.e6 Rxd5 38.Rxf7 Rb5 39.Bc3 Kb7 40.e7 Kb6 41.f6 {#r} 1-0

[Event "Bayern Landesliga North 2000/01"]
[Site "masterchessopen.com Germany"]
[Round "4"]
[White "Petzold Vinzenz (GER)"]
[Black "Goetz Andreas (GER)"]
[Result "0-1"]
[WhiteElo "2033"]
[BlackElo "2175"]

1.d4 Nf6 2.c4 e6 3.Nc3 Bb4 4.Qc2 d5 5.a3 Bxc3+ 6.Qxc3 Ne4 7.Qc2 c5 8.dxc5 Nc6
9.cxd5 exd5 10.Nf3 Bf5 11.b4 O-O 12.Bb2 b6 13.b5 bxc5 14.bxc6 Qa5+ 15.Nd2 Rab8
16.Rd1 Bg6 17.Be5 Nxf2 18.Qa2 Nxd1 19.Kxd1 Qa4+ 20.Ke1 Qxc6 21.Bxb8 Rxb8 22.e4
dxe4 23.Bc4 e3 24.Nb3 Qa4 25.Nc1 Qa5+ 26.Ke2 Qc3 27.Kf3 e2+ 28.Kf2 Rb2 {#R}
0-1

[Event "Memorial A.Petrov (open)"]
[Site "masterchessopen.com St. Petersburg (Russia)"]
[Round "7"]
[White "Burmakin Vladimir (RUS)"]
[Black "Markarov Arsen (RUS)"]
[Result "1-0"]
[WhiteElo "2538"]
[BlackElo "2308"]

1.d4 Nf6 2.c4 e6 3.Nc3 Bb4 4.Qc2 d5 5.a3 Bxc3+ 6.Qxc3 Ne4 7.Qc2 c5 8.dxc5 Nc6
9.Nf3 Qa5+ 10.Nd2 Nd4 11.Qd3 e5 12.b4 Qa4 13.Ra2 Bf5 14.Nxe4 Bxe4 15.Qc3 Nc2+
16.Rxc2 d4 17.Qg3 Qxc2 18.Qxe5+ Kf8 19.Qf4 Re8 20.Qd2 Qxc4 21.f3 Bg6 22.e4 Qc3
23.Bb2 Qxd2+ 24.Kxd2 Rd8 25.Bc4 Ke7 26.Bd5 Rd7 27.Bxd4 Rhd8 28.Ke3 f5 29.Be5
Bf7 30.Bd6+ Kf6 31.e5+ Kg6 32.Kd4 Bxd5 33.Kxd5 a6 34.e6 Re7 35.Ke5 Ree8 36.g4
f4 37.Re1 Rh8 38.h4 h5 39.g5 {#r} 1-0